000 00523nam a22001937a 4500
003 LK-CoDNM
005 20250107104515.0
008 250107b |||||||| |||| 00| 0 eng d
040 _aLK-CoDNM
_dLK-CoDNM
_eLK-CoDNM
041 _aeng
080 _a4
_bI14
100 _aJ. Grham Keep
245 _aThe Work Of John Samuel Budett
250 _aBalefour Student Of The University Of cambrideg
260 _aCambrideg
_bThe University Press
_c1907
300 _a493p. : ill , 30 cm
650 _aScience
942 _cBK
999 _c235205
_d235205